000 00629nam a22002177a 4500
003 SISC
005 20160217140948.0
008 130902t xxu||||| |||| 00| 0 eng d
020 _a0534408788
050 _aQD 33
_b.M423 2004
082 _aHS 540
_bM39 2004
100 _aMasterton, William L.
_916064
245 _aChemistry :
_bprinciples and reactions : a core text /
_cWilliam L. Masterton.
250 _a5th edition
260 _aLondon :
_bBrooks/Cole,
_cc2004.
300 _a676 p. :
_bcol. ill. ;
_c28 cm.
500 _aIncludes index.
650 _aChemistry.
_91508
942 _2lcc
_cBK
999 _c10133
_d10133